01526nam a2200349 a 4500001001000000003000500010005001700015008004100032010001100073011001100084040000900095090001000104100004500114245016100159260004100320500006000361502009400421590004000515590004000555590004000595650003500635650005200670650005000722650002600772856007000798901000700868942001000875942000600885999001900891952013100910952013501041000114166CHAP20220329144429.0171109s2017 mx sm |||||||spa d a110627 a111599 cCHAP aTesis1 aMonsivais Hidrogo, Ashley Pamela913405710aMinería de datos para la parametrización de un sistema experto como auxilio en la toma de decisionesh[En línea]cpor Ashley Pamela Monsivais Hidrogo. aChapingo, Méx. :bEl autor,c2017. aPara ver el contenido del material haga clic en la liga aTesis (Ing. en Sistemas Agricolas) -- UACH. Unidad Regional Universitaria de Zonas Aridas aE6339RRRb05c20171109lUCH01h1044 aE6339RRRb05c20171109lUCH01h1045 aE6339RRRb05c20171109lUCH01h104614aAgricultura de temporal.9199914aAgriculturaxInnovaciones tecnológicas.9156514aAgriculturaxSistemas de información.9179614aAgua de lluvia.92412 aFinding aiduhttp://10.13.5.2/tesis/sist114166.pdfzTeclea aquí aBK cTESIS n0 c110627d110627 00104054718TESISaBCbBCd2017-11-09fTESISl0oTesisp114167-10r2019-12-31 00:00:00w2019-12-31yTESISzRecien adquirido 00102local4053708TESISaBCbBCcPA_TESISd2017-11-09fTESISl0oTesisp114167-20r2019-12-31 00:00:00tc.2w2019-12-31yTESIS